=LDR 00000nam 2200000 4500 =001 INLIS000000000001882 =005 20130612090249 =008 ***********************************Ind** =035 ##$$0010-061300000001882 =041 ##$$a Ind =082 ##$$a 613.26 =090 ##$$a 613.26, Suc l =100 ##$$a Sucipto =245 ##$$a Langsing dengan ramuan tradisional, Sutjipto =260 ##$$a 1998 $b Ungaran =300 ##$$a vi,63 hlm, ilus, 21 cm =650 ##$$a Diet =850 ##$$a NBPNMAT